[Event "Inland Empire Open"]
[Site "?"]
[Date "1970.04.12"]
[Round "4"]
[White "Hanson, J."]
[Black "Bailey, B."]
[Result "1/2-1/2"]
[WhiteElo "1544"]
[BlackElo "1755"]
[Annotator "Stockfish 14 (15s)"]
[PlyCount "90"]
[EventDate "1970.??.??"]

{A30: Symmetrical English: Double Fianchetto and Hedgehog} 1. Nf3 d5 2. c4 Nf6
3. b3 d4 4. d3 c5 5. g3 Nc6 6. Bg2 e5 7. e4 h6 $146 (7... dxe3 8. fxe3 Bg4 9.
O-O Qd7 10. Bb2 Rd8 11. Qe1 Bd6 12. d4 Bxf3 13. Rxf3 e4 14. Rxf6 gxf6 15. d5
Ne5 16. Bxe4 Qg4 17. Nd2 h5 18. Qf2 Qg7 19. Nf3 f5 20. Rf1 Nxf3+ 21. Bxf3 Be5
22. Bc1 {Meyer,K-Schulz,H (2080) Bad Wiessee 1998 0-1}) 8. O-O (8. Bd2 Bg4 $17)
8... Bd6 (8... g5 9. Na3 $19) 9. Na3 (9. Nh4 g6 $17) 9... a6 (9... g5 $5 10.
Nc2 $19) 10. Nc2 $17 Bg4 11. h3 Be6 12. Kh2 (12. a3 Qd7 13. b4 b6 $17 (13...
cxb4 $143 14. Nxb4 Bxb4 15. axb4 $11)) 12... Qd7 (12... g5 13. a3 $17) 13. Bd2
(13. Nh4 g5 14. Nf5 Bxf5 15. exf5 Qxf5 $17) 13... O-O (13... g5 14. a3 $17) 14.
Qb1 (14. Nh4 Rfe8 $17) 14... Nh7 (14... b5 15. Qd1 $19) 15. Nfe1 $2 (15. b4
$142 b6 16. Nh4 $19) 15... f5 $19 16. Qd1 (16. exf5 Rxf5 17. Qd1 Rf7 $19) 16...
Rf7 (16... Nf6 17. Qe2 $19) 17. Qe2 (17. exf5 Bxf5 18. a3 Nf6 $19) 17... Raf8 (
17... f4 18. Rh1 $19) 18. Rb1 (18. f4 $19) 18... fxe4 (18... f4 $142 19. g4 h5
$19) 19. dxe4 Nb4 $4 (19... Ng5 $142 20. Bxg5 hxg5 $19) 20. Nxb4 $14 cxb4 21.
Nc2 $4 (21. Nd3 Ng5 22. f4 exf4 23. Nxf4 $14) 21... a5 22. Ra1 (22. Ne1 $142
$17) 22... Bc5 $4 (22... Ng5 $142 23. Bxg5 hxg5 $17) 23. Ne1 $14 d3 $4 (23...
Bd6 $142 24. Nd3 g5 $14) 24. Nxd3 $18 Bd4 25. Rab1 (25. Rad1 Qc7 26. f4 b5 $18)
25... Rd8 $2 (25... Ng5 $142 26. f4 exf4 27. gxf4 Bxh3 28. fxg5 Bxg2 29. Qxg2
Bc3 30. Bxc3 bxc3 31. Rxf7 Rxf7 $18) 26. Ne1 $4 (26. Rbd1 $142 Qc7 27. f4 $18)
26... Bxf2 27. Nf3 (27. Rxf2 Rxf2 28. Qxf2 Qxd2 $11) 27... Bd4 (27... Ba7 28.
Rbd1 Qc7 29. Bc1 Rxd1 30. Rxd1 $15) 28. Bc1 Qc7 29. Rd1 Rfd7 30. Nxd4 exd4 31.
Rd3 Qc5 32. Bb2 {Exerts pressure on the isolated pawn} Ng5 33. Rbd1 Bf7 34. h4
Ne6 35. Bh3 Rd6 (35... b5 36. cxb5 Qxb5 37. Qf2 $11) 36. Bxe6 (36. Rf1 Bh5 37.
Bg4 Bxg4 38. Qxg4 Qc6 $11) 36... Bxe6 $11 37. Qf2 {
Increasing the pressure on the isolated pawn on d4} (37. e5 R6d7 38. Qe4 b5 39.
Rxd4 bxc4 40. Rxd7 Rxd7 (40... Bxd7 $4 41. e6 c3 42. Rxd7 (42. exd7 $6 Qf2+ 43.
Kh3 cxb2 $11) 42... Qf2+ 43. Qg2 Qxg2+ 44. Kxg2 $18) 41. Rxd7 Bxd7 $11) 37...
Rf8 (37... Qh5 38. R1d2 $15) 38. Qg1 (38. Qe2 Qc8 39. e5 Bg4 $11) 38... Bg4 (
38... Qh5 39. R1d2 $15) 39. Re1 (39. R1d2 Qh5 40. Rxd4 Rxd4 41. Qxd4 Qg6 $11)
39... Rfd8 (39... Qh5 40. Bxd4 Bd7 41. Qg2 $15) 40. e5 $11 R6d7 41. e6 (41. Rd2
Be6 42. Re4 b5 43. Rexd4 Rxd4 44. Bxd4 Qc6 45. cxb5 Qxb5 $11) 41... Re7 (41...
Bxe6 $142 $5 42. Rxd4 Qf5 $17) 42. Rxd4 $11 Rxd4 43. Qxd4 Qxd4 44. Bxd4 Rxe6
45. Rxe6 Bxe6 1/2-1/2

[Event "Inland Empire Open"]
[Site "?"]
[Date "1970.04.11"]
[Round "5"]
[White "Bailey, B."]
[Black "Leonard, M."]
[Result "1-0"]
[WhiteElo "1755"]
[BlackElo "1680"]
[Annotator "Stockfish 14 (15s)"]
[PlyCount "105"]
[EventDate "1970.??.??"]

{C01: French: Exchange Variation} 1. e4 e6 2. d4 d5 3. Nc3 Nf6 4. exd5 exd5 5.
Bg5 Be7 6. Nf3 O-O 7. h3 Re8 8. Be2 a6 $146 (8... Nc6 9. O-O h6 10. Bh4 Bf5 11.
Re1 Ne4 12. Bxe7 Nxe7 13. Nxe4 Bxe4 14. Bd3 Bxd3 15. Qxd3 Ng6 16. c3 c6 17.
Rxe8+ Qxe8 18. Re1 Qd7 19. Ne5 Nxe5 20. Rxe5 Re8 21. Rxe8+ Qxe8 22. Kf1 Qe6 23.
Qg3 {Cureau,M-Rivier,S Saint Quentin 2000 1/2-1/2}) (8... Bf5 9. O-O (9. Bxf6
Bxf6 10. Qd2 c5 11. O-O-O Nc6 12. Bb5 cxd4 13. Ne2 Qb6 14. Nexd4 Nxd4 15. Nxd4
Bxd4 16. Qxd4 Qxb5 17. g4 Be4 18. Rhf1 Qc4 19. Qxc4 dxc4 20. Rd4 Bc6 21. f4
Rad8 22. Rfd1 Rxd4 23. Rxd4 Bg2 {
Penarrubia Blasco,J (1774)-Luis Martinez,C (1999) Cullera 2006 0-1 (44)}) 9...
h6 10. Bh4 c6 11. Ne5 Ne4 12. Bxe7 Nxc3 13. bxc3 Rxe7 14. c4 Nd7 15. Ng4 dxc4
16. Bxc4 b5 17. Be2 Be4 18. c4 bxc4 19. Bxc4 Nb6 20. Bb3 Bd5 21. Ne5 Bxb3 22.
axb3 Rc7 23. Rc1 {
Cranbourne,C (2290)-Garcia Devesa,J Buenos Aires 1994 1/2-1/2 (33)}) (8... c6
9. O-O Bf5 10. Qd2 Nbd7 11. Nh4 Bg6 12. Nxg6 hxg6 13. Bd3 Qb6 14. Be3 Bb4 15.
a3 Ne4 16. Qe1 Bd6 17. Nxe4 dxe4 18. Bc4 Qc7 19. f3 Nf6 20. Qh4 Bh2+ 21. Kh1
Qg3 22. Bf2 Qf4 23. fxe4 {Humphreys,J (2125)-Cooper,D Exmouth 2000 1/2-1/2 (41)
}) 9. O-O Be6 10. Bd3 Nbd7 11. Ne2 h6 12. Bxf6 (12. Bf4 c5 13. c3 Ne4 $11)
12... Bxf6 (12... Nxf6 13. Nf4 Bd7 14. Ne5 $11) 13. Nf4 c5 14. Nxe6 (14. c3 $5
$11) 14... Rxe6 15. Bf5 (15. c3 g6 $15) 15... Rc6 (15... Rb6 16. Rb1 $15) 16.
c3 Qc7 17. Re1 Rd8 18. Qd2 cxd4 19. Nxd4 Bxd4 (19... Rb6 20. Bxd7 Qxd7 21. Re2
$11) 20. Qxd4 $14 Nf6 21. Bd3 (21. Rad1 Rdd6 $14) 21... Rcd6 (21... Qb6 22.
Qxb6 Rxb6 23. Rab1 $11) 22. Re2 Qd7 23. Rae1 Re8 (23... Qc7 $142 $5 $14) 24.
Rxe8+ $16 Nxe8 25. Bc2 (25. Qa7 $142 $5 Nf6 26. Qb8+ Qd8 27. Qxb7 $16) 25...
Nf6 $14 26. Bb3 {Attacking the isolated pawn on d5} Qd8 27. Rd1 Qb6 (27... b5
28. Kf1 $14) 28. c4 $16 Qxd4 29. Rxd4 Re6 $2 (29... Rb6 $142 $5 30. cxd5 Ne8
$16) 30. cxd5 Rd6 31. f3 Nd7 (31... Ne8 32. Kf2 Rd7 33. Ke3 $18) 32. a3 (32.
Rc4 $142 Kf8 33. Rc7 $18) 32... Kf8 $16 33. Kf2 (33. Rc4 $142 Nf6 34. Rc7 $16)
33... b5 $4 (33... Rb6 $142 34. Rb4 Rxb4 35. axb4 Ke7 $11) 34. Ke3 $18 f6 (
34... h5 $18) 35. Rd2 Ke7 36. Kd4 f5 (36... Nb6 37. Re2+ Kd8 38. Kc5 $18) 37.
a4 (37. Re2+ Kd8 $18) 37... Kd8 (37... bxa4 38. Bxa4 Rb6 39. Re2+ Kd8 40. Kc4
$18) 38. axb5 axb5 39. Re2 Ra6 40. Re6 Ra1 41. Rg6 Rb1 42. Kc3 Rc1+ 43. Kd2 Ra1
(43... Rb1 44. Kc2 Re1 45. Rxg7 Re2+ 46. Kc3 $18) 44. Rxg7 Rf1 (44... Nf6 45.
Rg6 Ne8 46. Bc2 $18) 45. Bc2 Rf2+ 46. Kd1 Nc5 (46... Nf6 47. d6 Nh5 48. Rb7
Rf1+ 49. Kd2 $18) 47. b4 Na4 48. Bxf5 Ra2 (48... Nc3+ 49. Ke1 Re2+ 50. Kf1 Rd2
51. Rd7+ Ke8 $18) 49. d6 Nc3+ 50. Ke1 Ra1+ 51. Kd2 (51. Kf2 Ra2+ 52. Ke3 Nd1+
53. Kd3 Nf2+ 54. Kd4 Rd2+ 55. Ke5 Re2+ 56. Kf6 Re8 57. Ra7 Rf8+ 58. Ke6 Kc8 59.
Ra8+ Kb7 60. Rxf8 Nd3 61. Bxd3 h5 62. d7 h4 63. d8=Q Ka6 64. Qa5+ Kb7 65. Be4#)
51... Nb1+ 52. Kc2 (52. Kd3 Ke8 53. Be6 Ra3+ 54. Kd4 Rd3+ 55. Kxd3 h5 56. Rg8#)
52... Na3+ 53. Kb2 (53. Kb2 Rb1+ 54. Ka2 Re1 55. Rg8+ Re8 56. Rxe8+ Kxe8 57.
Kxa3 Kf8 58. Be6 h5 59. f4 Kg7 60. d7 Kf6 61. f5 Ke5 62. d8=Q Ke4 63. f6 Ke3
64. f7 Kf2 65. f8=Q+ Kxg2 66. Qd2+ Kg1 67. Qc5+ Kf1 68. Qcc1#) 1-0

[Event "Advanced Diesel Supply Open"]
[Site "?"]
[Date "1970.05.30"]
[Round "1"]
[White "Murray, M."]
[Black "Bailey, B."]
[Result "1/2-1/2"]
[WhiteElo "2103"]
[BlackElo "1755"]
[Annotator "Stockfish 12 (20s)"]
[PlyCount "65"]
[EventDate "1970.??.??"]

{C42: Petroff Defence: 3 Nxe5 and unusual White 3rd moves} 1. e4 e5 2. Bc4 Nf6
3. Nf3 Bc5 4. Nxe5 Qe7 (4... O-O 5. d4 Be7 6. Qf3 d6 7. Nxf7 Rxf7 8. Bxf7+ Kxf7
9. O-O Kg8 10. e5 dxe5 11. dxe5 Nd5 12. Rd1 Be6 13. c4 Qc8 14. cxd5 Bg4 15. Qb3
Bxd1 16. Qxd1 Qf5 17. d6 cxd6 18. exd6 Bf6 19. Qb3+ {
Nei,I (2380)-Moreno,E Gros 1996 1-0}) 5. d4 $146 (5. Nxf7 Nxe4 (5... Qxe4+ 6.
Qe2 Qxe2+ 7. Kxe2 d5 8. Nxh8 dxc4 9. Re1 Kf8 10. Nc3 Bf5 11. d3 cxd3+ 12. cxd3
Kg8 13. Kf1 Bxd3+ 14. Kg1 Kxh8 15. Nd5 Nxd5 16. Re8+ Bf8 17. Rxf8# {
1-0 (17) Brjakow,S (1095)-Paul,N (1219) Sebnitz 2005}) 6. O-O Rf8 7. d3 Nxf2 8.
Rxf2 Bxf2+ 9. Kxf2 Rxf7+ 10. Bxf7+ Qxf7+ 11. Kg1 d5 12. Qe2+ Be6 13. Nc3 c6 14.
Qe5 Nd7 15. Qc7 Qg6 16. Qxb7 Bh3 17. Qxa8+ Ke7 18. g3 Qf5 19. Be3 Qf3 {
Kaussler,A-Piepereit,R Stuttgart 2001 1-0}) (5. Nd3 Qxe4+ 6. Kf1 Qxc4 7. Kg1
O-O 8. b3 Qd4 9. Bb2 Qd5 10. Ba3 Bxa3 11. Nxa3 Nc6 12. Nf4 Qd6 13. Nd3 Qxa3 14.
Qb1 Qe7 15. Qd1 d6 16. Rc1 Re8 17. Nb4 Nxb4 18. c3 Nc6 19. b4 Bg4 {
Pazmino,V-Carrasco,J Azoguez 2004 0-1}) (5. Ng4 Nxe4 6. Qe2 O-O 7. d3 Nd6 8.
Qxe7 Re8 9. Qxe8+ Nxe8 10. O-O d5 11. Bxd5 Bxg4 12. Bxb7 Bxf2+ 13. Rxf2 Nd7 14.
Bxa8 Ne5 15. Bf4 Ng6 16. Nc3 h6 17. Re1 Nf6 18. Bxh6 Kh7 19. Bg5 Nh5 {
Gimenez Ferrer,X-Marchirant Sanchez,F Alzira 2003 1-0}) (5. Bxf7+ Kf8 6. d4 Bb6
$18) 5... d6 (5... O-O 6. O-O (6. dxc5 $6 Qxe5 7. Nc3 Qxc5 $18) 6... Bb6 7. Re1
$18) 6. Bxf7+ (6. dxc5 $6 dxe5 7. Nc3 Qxc5 $16) 6... Kf8 7. Bb3 (7. dxc5 $142
Qxe5 8. Bb3 Qxe4+ 9. Kf1 Qe5 10. cxd6 cxd6 $18) 7... Bb4+ (7... Bb6 8. Nf3
Qxe4+ 9. Be3 Qg6 $18) 8. c3 dxe5 9. cxb4 (9. dxe5 Bd6 10. exd6 Qxe4+ 11. Kf1 c5
$18) 9... Qxb4+ (9... exd4 10. O-O Nc6 11. Re1 $18) 10. Bd2 Qxd4 11. O-O Bg4 (
11... Ke8 12. Nc3 c6 13. Qe1 $18) 12. Qc1 c6 (12... Nbd7 13. Be3 Qd6 $18) 13.
Be3 Qd8 (13... Qd7 14. f4 exf4 15. Bc5+ Ke8 16. Qxf4 $18) 14. f3 (14. f4 $142
$5 exf4 15. Rxf4 Qc7 16. Rxg4 Nxg4 17. Qc5+ Qe7 18. Qf5+ Ke8 19. Qc8+ Qd8 20.
Qe6+ Qe7 21. Qc8+ Qd8 22. Qxg4 Nd7 $18) 14... Bh5 15. Nd2 Nbd7 16. Nc4 (16. f4
$5 Bf7 17. fxe5 Nxe5 $18) 16... Bf7 (16... Qe7 17. Qc3 b5 18. Na3 $18) 17. Rd1
(17. Nd6 Bxb3 18. axb3 Qe7 $18) 17... Qc7 (17... Qe7 18. Nd6 Bxb3 19. axb3 $18)
18. f4 (18. Qc3 $142 $5 b6 19. Rac1 Bg8 $18) 18... Ng4 19. Nxe5 (19. Rxd7 $142
Qxd7 20. Bc5+ Kg8 $18) 19... Ngxe5 (19... Ndxe5 20. fxe5 Bxb3 21. axb3 h5 $18)
20. fxe5 Bxb3 21. axb3 Ke8 (21... Nxe5 22. Bf4 Re8 23. Qc5+ Kf7 24. Ra5 $18)
22. e6 Nf6 (22... Nf8 23. Qc4 a5 24. b4 $18) 23. e5 (23. Qc5 $142 b6 24. Qf5
Rf8 $18) 23... Qxe5 24. Bd4 Qc7 (24... Qf5 25. Qc4 Nd5 26. Rf1 $18) 25. Bxf6
gxf6 26. Qc5 (26. Qh6 $142 Rg8 27. Qh5+ Rg6 $18) 26... Qe5 27. Qf2 Rd8 (27...
Rg8 28. Rd7 Rd8 29. Rxb7 $18) 28. Rxd8+ (28. Qxa7 $142 Rxd1+ 29. Rxd1 Qxe6 30.
Qa8+ Kf7 31. Qxh8 Kg6 $18) 28... Kxd8 29. Rxa7 (29. Re1 $142 Qa5 30. Qxf6+ Kc7
31. Kf1 Qb5+ 32. Re2 $18) 29... Ke7 30. Rxb7+ Kxe6 31. Rb6 Rc8 32. h3 Rc7 33.
Ra6 1/2-1/2

[Event "Advanced Diesel Supply Open"]
[Site "?"]
[Date "1970.05.30"]
[Round "2"]
[White "Warner, E."]
[Black "Bailey, B."]
[Result "1-0"]
[WhiteElo "2020"]
[BlackElo "1755"]
[Annotator "Stockfish 12 (15s)"]
[PlyCount "91"]
[EventDate "1970.??.??"]

{D28: Queen's Gambit Accepted: Classical main line: 7 Qe2 with early ...Nc6} 1.
d4 d5 2. c4 dxc4 3. Nf3 Nf6 4. e3 e6 5. Bxc4 c5 6. O-O a6 7. Qe2 b5 8. Bb3 Bb7
9. a4 c4 10. Bc2 Nbd7 (10... Nc6 11. Nc3 Qb6 12. Rd1 Be7 13. axb5 axb5 14.
Rxa8+ Bxa8 15. e4 Nb4 16. Bb1 O-O 17. e5 Bxf3 18. Qxf3 Nfd5 19. Qh3 g6 20. Ne4
Qd8 21. Qh6 f5 22. exf6 Bxf6 23. Ng5 Bxg5 24. Bxg5 Qc7 25. Re1 {
Pazdziora,M (2078)-Wlodarski,M (1914) Leba 2006 1-0 (38)}) 11. b3 $146 (11. e4
Be7 12. Bg5 h6 (12... O-O 13. Nbd2 h6 14. Bh4 Nh5 15. Bxe7 Qxe7 16. Qe3 e5 17.
h3 Rfc8 18. axb5 axb5 19. dxe5 Nxe5 20. Nd4 Qc5 21. b4 Qb6 22. Rxa8 Rxa8 23.
Nb1 Rd8 24. Rd1 Nd3 25. Bxd3 Rxd4 26. Bf1 Rd6 27. Qxb6 {
Jussupow,A (2640)-Salov,V (2655) Paris 1992 1/2-1/2 (45)}) 13. Bh4 g5 14. Bg3
Nh5 15. Nbd2 Qb6 16. axb5 axb5 17. Rxa8+ Bxa8 18. d5 Nxg3 19. hxg3 e5 20. Ra1
Bb7 21. Nf1 Bc5 22. Ne3 f6 23. Nf5 Kf7 24. b3 c3 25. d6 h5 {
Jimenez Zerquera,E-Vergara,A Havana 1963 1-0 (73)}) 11... Qc7 (11... cxb3 12.
Bxb3 Be7 13. Nbd2 $11) 12. Na3 (12. axb5 $142 $5 cxb3 13. Bxb3 axb5 14. Rxa8+
Bxa8 15. Qxb5 $16) 12... cxb3 $11 13. Bxb3 Qc3 14. Rb1 (14. Qa2 $142 $11) 14...
Be4 $19 15. Nd2 $2 (15. Qa2 Qc6 16. Ra1 Be7 $17 (16... Bxf3 $143 17. gxf3 Qxf3
18. Bd1 $17)) 15... Bxb1 (15... Bd3 $142 $5 16. Qf3 Rc8 17. axb5 axb5 18. Qd1
Bxb1 19. Ndxb1 $19) 16. Naxb1 Qc6 17. e4 Be7 18. axb5 (18. d5 exd5 19. exd5 Qc5
20. axb5 axb5 $19) 18... axb5 (18... Qxb5 19. Bc4 Qb6 20. d5 $19) 19. Bb2 $2 (
19. d5 exd5 20. Bxd5 Nxd5 21. exd5 Qxd5 $17) 19... Nb6 $4 (19... O-O $142 $19)
20. d5 $17 exd5 21. Bxf6 (21. Rc1 Qd7 22. e5 Qg4 $17) 21... gxf6 22. Qh5 $2 (
22. exd5 Nxd5 23. Re1 $17) 22... Rd8 (22... O-O-O 23. exd5 Nxd5 24. Bd1 $19)
23. Re1 $2 (23. exd5 $142 $5 Nxd5 24. Nf3 $17) 23... Nc4 $19 24. exd5 (24. g3
h6 25. Qe2 dxe4 26. Nxc4 bxc4 $19) 24... Rxd5 25. Qf3 Rd6 $4 (25... Kf8 $142
26. Bxc4 bxc4 $19) 26. Qxc6+ (26. Nxc4 $142 Re6 27. Ne3 Qxf3 28. gxf3 $18)
26... Rxc6 $11 27. Nxc4 bxc4 $4 (27... Rxc4 $142 28. Bxc4 bxc4 $11) 28. Ba4 $18
Kd7 (28... O-O 29. Bxc6 Bd6 $18) 29. Bxc6+ Kxc6 30. Rxe7 Ra8 (30... Rb8 31. Re1
$18) 31. Re1 (31. Kf1 f5 $18) 31... Ra1 (31... Kc5 32. Kf1 $18) 32. Rd1 (32.
Kf1 f5 $18) 32... Kc5 (32... Ra2 33. Nc3 Ra3 34. Nd5 $18) 33. Kf1 Kb4 (33... f5
34. Ke2 Ra2+ 35. Rd2 $18) 34. Ke2 Ra2+ (34... f5 35. Rd7 $18) 35. Rd2 Ra1 36.
Rb2+ Kc5 37. g3 Kd4 38. Rb4 Kc5 39. Rb2 (39. Rb7 $5 Kc6 40. Rb2 f5 $18) 39...
Kd4 40. Rd2+ Kc5 (40... Ke5 41. Rd1 $18) 41. Nc3 Kb4 42. Rc2 (42. Nd5+ Kc5 43.
Ne3 c3 $18) 42... Kb3 (42... Kc5 43. Rd2 $18) 43. Kd2 Rf1 (43... Ra8 44. Nd5
Rc8 45. Rc3+ Kb2 46. Rc2+ Kb3 47. Rc3+ Kb2 48. Nf4 $18) 44. Nd1 f5 (44... Kb4
$18) 45. Rc3+ Kb4 46. Rxc4+ $1 (46. Rxc4+ Ka5 47. Rf4 $18) 1-0

[Event "Advanced Diesel Supply Open"]
[Site "?"]
[Date "1970.05.30"]
[Round "3"]
[White "Bailey, B."]
[Black "Galloway, D."]
[Result "1-0"]
[WhiteElo "1755"]
[BlackElo "1452"]
[Annotator "Stockfish 12 (15s)"]
[PlyCount "59"]
[EventDate "1970.??.??"]

{C67: Ruy Lopez: Berlin Defence: 4 0-0 Nxe4} 1. e4 e5 2. Nf3 Nc6 3. Bb5 Nf6 4.
O-O Nxe4 5. Re1 Ng5 (5... d5 6. d4 a6 7. Bxc6+ bxc6 8. Nxe5 Qf6 9. f3 Nd6 10.
Ng4+ Qe7 11. Rxe7+ Bxe7 12. Qe2 Bxg4 13. fxg4 Nb5 14. c3 Rd8 15. Bf4 Rd7 16.
Nd2 O-O 17. Nf3 Re8 18. Ne5 Rd6 19. Qf3 Bf6 20. a4 {
Maric,M (2265)-Mestre,C Duisburg 1992 1-0 (35)}) 6. Bxc6 (6. Nxe5 Bd6 7. Nxc6+
Ne6 8. Nxd8 O-O 9. Nxe6 dxe6 10. c3 c6 11. Ba4 b5 12. Bc2 Bd7 13. d4 Rae8 14.
Qd3 g6 15. Bh6 e5 16. Bxf8 Bf5 17. Qd2 Bxf8 18. Bxf5 Be7 19. Bd7 Rd8 20. Bxc6
a6 {Niemeyer,S (1068)-Hoffmann,H Kranenburg 2005 1-0 (39)}) 6... Nxf3+ $4 $146
(6... dxc6 7. Nxe5 (7. Rxe5+ Be7 8. Nxg5 f6 9. Ne6 Qd6 10. Nxg7+ Kf8 11. Re3
Kxg7 12. Qh5 Kf8 13. d3 Bd7 14. Rg3 Qe6 15. Bh6# {
1-0 (15) Rothuis,V-Namazi,M Hengelo 2000}) 7... Qd5 8. Ng6+ Kd8 9. Nxh8 Bd6 10.
Qe2 Be6 11. d3 Bb4 12. c3 Ba5 13. f4 Qc5+ 14. d4 Qc4 15. fxg5 Qxe2 16. Rxe2 Bg4
17. Nxf7+ Kd7 18. Ne5+ Kd6 19. Nxg4 Rf8 20. Nd2 Bb6 21. Nc4+ {
Arenkov,W-Hamann,P Oberbernhards 2004 1-0 (32)}) (6... bxc6 7. Nxe5 Be7 8. d4
O-O 9. c3 c5 10. d5 c4 11. Nxc4 Bc5 12. Be3 d6 13. Bxc5 dxc5 14. d6 cxd6 15.
Qxd6 Qxd6 16. Nxd6 Rd8 17. Nxc8 Raxc8 18. Na3 f5 19. Rad1 Ne4 20. Nc4 Kf7 21.
f3 {Nguyen,A-Nugerew,B Canberra 1999 1-0 (40)}) (6... dxc6 $142 7. Nxe5 Be7 $11
) 7. Qxf3 (7. Bxf3 $142 d6 8. d4 $18) 7... bxc6 (7... dxc6 $142 $5 8. Rxe5+ Be6
$15) 8. Rxe5+ (8. d4 d5 9. Rxe5+ Be6 $14) 8... Be7 $11 9. Qe2 (9. Re1 O-O $11)
9... d6 10. Re3 a5 (10... Be6 11. d4 $15) 11. d3 (11. b3 Be6 12. Bb2 O-O $11)
11... d5 (11... Be6 $5 $15) 12. b3 $11 Be6 13. Bb2 Bg5 (13... O-O $142 14. Nd2
a4 $11) 14. Rxe6+ $16 fxe6 15. Qxe6+ Be7 $4 (15... Kf8 $142 16. Qxc6 Kf7 $16)
16. Bxg7 $18 Rg8 (16... Qd7 17. Qxd7+ Kxd7 18. Bxh8 Rxh8 $18) 17. Qxg8+ Kd7 18.
Qxd8+ (18. Qxh7 $5 Qg8 19. Qf5+ Qe6 20. Qxe6+ Kxe6 $18) 18... Rxd8 19. Nd2 Rg8
(19... Re8 20. Nf3 $18) 20. Bc3 c5 (20... a4 21. Nf3 $18) 21. Re1 (21. a4 $142
Ra8 $18) 21... d4 (21... a4 22. Re5 axb3 23. axb3 $18) 22. Bb2 (22. Bxa5 Bd6
$18) 22... Re8 (22... a4 23. Nc4 $18) 23. Nc4 (23. a4 h5 $18) 23... Rb8 (23...
a4 24. g3 $18) 24. a4 h5 (24... Bd6 25. Ne5+ Kc8 26. Nc6 $18) 25. Nxa5 (25.
Ne5+ $142 Kd6 26. Ba3 $18) 25... h4 (25... Bd6 26. Nc4 $18) 26. h3 (26. Rxe7+
Kd6 27. Rh7 h3 28. Rxh3 Rf8 $18) 26... c4 (26... Rh8 27. Nc4 Rh6 28. Ne5+ Ke8
29. Ba3 $18) 27. Nxc4 (27. Rxe7+ Kd6 28. Ba3+ c5 29. Rb7 $18) 27... Kc6 28.
Rxe7 Rb5 29. Bxd4 (29. axb5+ Kxb5 30. Rxc7 Ka6 31. Bxd4 Kb5 32. c3 Ka6 33. Na3
Ka5 34. Ra7#) 29... Rd5 (29... Rb7 30. Na5+ Kd6 31. Nxb7+ Kxe7 32. Nc5 Kd8 33.
b4 Kc8 34. a5 Kb8 35. Be5 Kc8 36. a6 Kb8 37. b5 Kc8 38. a7 Kd8 39. a8=Q+ Ke7
40. Qg8 c6 41. Qe6+ Kf8 42. Nd7#) 30. Be3 (30. Be3 Kb7 31. Bf4 Kc8 32. Bxc7 Rd7
33. Nb6+ Kxc7 34. Nxd7 Kd6 35. Re4 Kc6 36. Rxh4 Kxd7 37. Rc4 Ke8 38. a5 Kd7 39.
a6 Ke6 40. a7 Kd5 41. a8=Q+ Ke6 42. Rc6+ Kd5 43. Qe8 Kd4 44. Qe4#) (30. Be5 Rd7
31. Na5+ Kd5 32. c4+ Kc5 33. Rxd7 Kb4 34. Rxc7 Ka3 35. Bc3 Ka2 36. Re7 Kb1 37.
Re2 Kc1 38. Nc6 Kb1 39. Nd4 Kc1 40. Re1#) 1-0

[Event "Advanced Diesel Supply Open"]
[Site "?"]
[Date "1970.05.31"]
[Round "4"]
[White "Adams, D."]
[Black "Bailey, B."]
[Result "1-0"]
[WhiteElo "1920"]
[BlackElo "1755"]
[Annotator "Stockfish 12 (15s)"]
[PlyCount "65"]
[EventDate "1970.??.??"]

{D20: Queen's Gambit Accepted: 3 e3 and 3 e4} 1. d4 d5 2. c4 dxc4 3. Nc3 c5 4.
d5 e6 5. e4 a6 6. a4 exd5 7. exd5 Nf6 8. Bxc4 Nbd7 (8... Bd6 9. Qe2+ Qe7 10.
Qxe7+ (10. Bg5 Qxe2+ 11. Ngxe2 Nbd7 12. Ng3 O-O 13. O-O h6 14. Bxf6 Nxf6 15. a5
Re8 16. Rfe1 Rxe1+ 17. Rxe1 Bd7 18. Nge4 Nxe4 19. Nxe4 Re8 20. Kf1 Bf8 21. f3
Rd8 22. Rd1 Bf5 23. Rd3 Bd6 24. Rb3 Bxe4 {
Lehner,O (2285)-Zoebisch,H (2295) Austria 1995 1/2-1/2 (41)}) 10... Kxe7 11.
Bg5 Bf5 12. Nge2 h6 13. Ng3 Bg6 14. Bxf6+ Kxf6 15. O-O Ke7 16. f4 Nd7 17. Rae1+
Kd8 18. f5 Bh7 19. Nge4 Be5 20. d6 Rf8 21. g4 Bg8 22. Kg2 Rc8 23. Bd5 {
Boensch,U (2530)-Polgar,Z (2500) Stara Zagora 1990 1-0 (43)}) 9. Nge2 $146 (9.
Bf4 Nb6 10. b3 Bd6 11. Qe2+ Kf8 12. Be3 Ng4 13. Rd1 Nxe3 14. Qxe3 Bf5 15. Nge2
Qh4 16. Bd3 Re8 17. Qd2 Bxd3 18. Qxd3 c4 19. Qc2 cxb3 20. Qxb3 Qc4 21. Qxc4
Nxc4 22. O-O Ke7 23. Rd4 Rc8 {Stluka,F-Soukup,A Klatovy 1994 1/2-1/2 (31)}) (9.
Qe2+ $142 Qe7 10. Be3 $18) 9... Nb6 {
Increasing the pressure on the isolated pawn on d5} (9... Bd6 10. O-O O-O 11.
Ng3 $11) 10. b3 Bd6 11. O-O O-O 12. Bg5 (12. a5 $142 $5 Nxc4 13. bxc4 $14)
12... Bxh2+ $15 13. Kh1 (13. Kxh2 Ng4+ 14. Kg1 (14. Kg3 Qxg5 {Discovered attack
}) (14. Kh1 Qxg5 {Discovered attack}) (14. Kh3 Ne3+ {Double attack} (14... Qxg5
{Discovered attack}) (14... Nh6+ {Decoy})) 14... Qxg5 {Discovered attack})
13... Be5 14. Qd3 $2 (14. f4 $142 $5 Bxc3 15. Nxc3 $11) 14... Qd6 $17 15. f4
Bxc3 16. Nxc3 Bg4 (16... Ng4 $5 17. Kg1 Re8 $17) 17. Kg1 (17. f5 $142 Rfe8 18.
Rae1 $11) 17... Rad8 $4 (17... Nbd7 $142 $5 $15) 18. a5 (18. Ne4 Nxe4 19. Bxd8
Nxc4 20. bxc4 Bf5 $18) 18... Nbd7 (18... Nc8 $142 $11) 19. Ne4 $16 Qb8 20. Bxf6
(20. d6 Rfe8 21. Nc3 $16) 20... gxf6 $4 (20... Nxf6 21. Nxf6+ (21. Nxc5 $143
Be6 22. dxe6 Rxd3 23. exf7+ Kh8 24. Nxd3 g6 $15) 21... gxf6 22. Rae1 $11) 21.
Qc3 (21. Ng3 $142 Qd6 22. Rae1 $18) 21... f5 $14 22. Nf6+ Nxf6 23. Qxf6 Qd6 (
23... Rd6 24. Qc3 $14) 24. Qxd6 $14 Rxd6 25. Rae1 Rfd8 (25... Rd7 $5 $14) 26.
Re7 $16 R8d7 27. Rfe1 Kg7 28. Re8 Rd8 $4 (28... h5 $142 $16) 29. Rxd8 $18 Rxd8
30. Re7 b5 (30... Rb8 31. d6 Bh5 $18) 31. axb6 Rb8 32. b7 Kf8 33. Rc7 (33. Rc7
Kg7 34. d6 $18) (33. d6 Bh5 34. Rc7 Rxb7 35. Rxb7 Ke8 36. Bxa6 h6 37. Bb5+ Kf8
38. d7 c4 39. d8=Q+ Kg7 40. Rb8 Bf3 41. Qg8+ Kf6 42. gxf3 c3 43. Rb6+ Ke7 44.
Qe8#) 1-0

[Event "Advanced Diesel Supply Open"]
[Site "?"]
[Date "1970.05.31"]
[Round "5"]
[White "Bailey, B."]
[Black "Wraith, B."]
[Result "0-1"]
[WhiteElo "1755"]
[BlackElo "1867"]
[Annotator "Stockfish 12 (15s)"]
[PlyCount "50"]
[EventDate "1970.??.??"]

{C77: Ruy Lopez: 3...a6 4 Ba4 Nf6, unusual lines} 1. e4 e5 2. Nf3 Nc6 3. Bb5 a6
4. Ba4 Nf6 5. d3 h6 6. Bxc6 bxc6 (6... dxc6 7. Nxe5 Bd6 8. Nf3 O-O 9. Nc3 Re8
10. Be3 Bg4 11. h3 Bh5 12. g4 Bg6 13. Qd2 Qe7 14. O-O-O Rad8 15. g5 hxg5 16.
Bxg5 Bh5 17. Qe3 Be5 18. Rde1 Bxc3 19. bxc3 Qa3+ 20. Kb1 Qxc3 21. Qf4 {
Kala,T-Krul,L Karvina 2005 0-1 (46)}) 7. Nxe5 Bb7 (7... Bc5 8. Nf3 Qe7 9. O-O
O-O 10. e5 Nh7 11. d4 Bb6 12. c4 f6 13. c5 Ba7 14. Qb3+ Kh8 15. Nh4 Qf7 16.
Qxf7 Rxf7 17. Ng6+ Kg8 18. Nd2 fxe5 19. Nxe5 Re7 20. b4 Bb7 21. Nb3 a5 22. Nxa5
{Suarez Pousa,D (2285)-Reyes Acevedo,I St Feliu 1994 1-0 (32)}) 8. Nc3 $146 (8.
O-O d5 9. exd5 cxd5 10. Re1 Be7 11. d4 O-O 12. c3 Bd6 13. Bf4 Re8 14. Qf3 c5
15. Nd2 Qb6 16. Qg3 Nh5 17. Qf3 Nxf4 18. Qxf4 f6 19. Nd7 Bxf4 20. Nxb6 Bxd2 21.
Red1 Rab8 22. Rxd2 Bc6 {Moorehouse,D-Rejdych,J London,Canada 1993 1-0 (54)}) (
8. O-O Be7 9. Nc4 O-O $18) 8... Bc5 (8... d5 9. O-O $18) 9. O-O (9. Nc4 O-O 10.
O-O Rb8 $18) 9... O-O 10. Kh1 (10. Nc4 $5 Rb8 11. e5 Nd5 $18) 10... Re8 11. Ng4
d5 12. exd5 (12. e5 $142 Nxg4 13. Qxg4 $16) 12... cxd5 $11 13. d4 Bd6 14. Qf3 (
14. Ne3 $5 $11) 14... Nxg4 $17 15. Qxg4 Re6 (15... Bc8 16. Qh5 c6 17. Be3 $15)
16. g3 (16. Bd2 Qf6 $17) 16... c5 (16... Qf6 $5 17. Be3 Rae8 $17) 17. Be3 $11
cxd4 (17... Rg6 18. Qf3 $11) 18. Bxd4 Be5 19. Qd1 (19. Rad1 a5 $11) 19... Qf6
20. Ne2 Qf3+ (20... a5 $5 21. f4 Bxd4 22. Nxd4 Re4 $11) 21. Kg1 $11 Rc8 (21...
a5 22. Nf4 Qxd1 23. Rfxd1 Bxf4 24. gxf4 Rg6+ 25. Kh1 $11) 22. Nc3 (22. c3 $5
$14) 22... Qf5 $11 23. Rc1 Rc4 24. Ne2 Qe4 (24... Bd6 $142 25. c3 Rc8 $11) 25.
f3 $4 (25. c3 $142 Bd6 26. Re1 $16) 25... Bxd4+ $19 (25... Bxd4+ 26. Qxd4 Qxe2
$19 (26... Rxd4 $6 27. fxe4 Rdxe4 28. Nf4 $11) (26... Qxd4+ $143 27. Nxd4 Rxd4
28. Rf2 $19)) 0-1